Sociología para la empresa
Guardat en:
| Autor principal: | |
|---|---|
| Format: | Llibre |
| Idioma: | espanyol |
| Publicat: |
Madrid
McGraw Hill
1994
|
| Matèries: | |
| Etiquetes: |
Afegir etiqueta
Sense etiquetes, Sigues el primer a etiquetar aquest registre!
|
MARC
| LEADER | 00000nam a2200000 a 4500 | ||
|---|---|---|---|
| 001 | UCO6533 | ||
| 003 | CL-VaPUC | ||
| 008 | 001020e19940000SP |||||||||||||||||spa|d | ||
| 082 | 0 | 4 | |a 302.35 |b LUC |2 21 |
| 100 | |a Lucas Marín, Antonio |e autor |9 531749 | ||
| 245 | 1 | 0 | |a Sociología para la empresa |
| 300 | |a 436 p | ||
| 942 | |c BK | ||
| 945 | |d 20001020 00:00:00 |a vberengu | ||
| 260 | |a Madrid |b McGraw Hill |c 1994 | ||
| 650 | 0 | |a Cambio social |9 256857 | |
| 650 | 0 | |a Dinámica social |9 334923 | |
| 650 | 0 | |a Investigación social |9 307814 | |
| 650 | 0 | |a Negociación colectiva |9 312433 | |
| 650 | 0 | |a Relaciones laborales |9 335971 | |
| 583 | |a last modification |c 20001020 00:00:00 |k Rodrigo Vera | ||
| 999 | |c 292022 |d 292020 | ||
| 952 | |0 0 |1 0 |4 0 |6 302_350000000000000_LUC_1994 |7 0 |8 A |9 342468 |a BIBENE |b BIBENE |d 2019-11-20 |i 3658066 |o 302.35 LUC 1994 |p 3658066 |r 2025-01-15 |w 2019-11-20 |y BK |k ICO | ||